| 000 | 00667nam a2200253 a 4500 | ||
|---|---|---|---|
| 001 | nice12345678 | ||
| 003 | IN_TiNIC | ||
| 005 | 20260116011423.0 | ||
| 008 | 050524s1963 newa grp 000 0 eng | ||
| 020 |
_a _c100 |
||
| 082 | 0 | 0 |
_a909.0974927 _bHAL |
| 100 | _aHalpern, Manfred | ||
| 245 | _aPolitics of Social Change in the Middle East and North Africa | ||
| 260 |
_aNew Jersy _bPrinceston University Press _c1963 |
||
| 300 | _a431p | ||
| 500 | _aincludes index and biblioraphy | ||
| 505 | 2 | _aIndex | |
| 650 | _aCivilization-Arab | ||
| 650 | _aMiddle East-Sociology | ||
| 700 | 1 | _aHalpern, Manfred | |
| 902 | _bSRS | ||
| 942 | _cBK | ||
| 999 |
_c1379 _d1379 |
||